=LDR 00000nam 2200000 4500 =001 INLIS000000000047559 =005 20210506111258 =035 ##$$a 0010-011600000000017 =008 210506################g##########0#ind## =020 ##$$a 979-518-312-5 =082 ##$$a 338.51 =090 ##$$a 338.5 Bam k =100 #$$a Bambang s =245 1#$$a Kalkulasi dan pengendalian biaya produksi /$c Drs. Bambang S. =260 ##$$a Jakarta :$b Rineka Cipta,$c 1992 =300 ##$$a xii, 238 hlm : $b Ilus ; $c 21x14 cm =084 ##$$a 338.51 BAM k =250 ##$$a cet.1 =650 #4$$a Biaya produksi =990 ##$$a 00050038